Bilecik Bilecik Bilecik Bilecik Bilecik

Türk İnkılabına bakışlar/ (Record no. 28560)

MARC details
000 -BAŞLIK
Sabit Uzunluktaki Kontrol Alanı 01884nam a22003737a 4500
001 - KONTROL NUMARASI
Control Dosyası 0028638
003 - KONTROL NUMARASI KİMLİĞİ
Kontrol Alanı KOHA_MİRAKIL
005 - EN SON İŞLEM TARİHİ ve ZAMANI
Kontrol Alanı 20260207002636.0
007 - FİZİKSEL TANIM SABİT ALAN - GENEL BİLGİ
Sabit uzunluklu kontrol alanı ta
008 - SABİT UZUNLUKTAKİ VERİ ÖGELERİ - GENEL BİLGİ
Sabit Alan 110317b1988 tu |||gr||||#0|||0|tur |
020 ## - ISBN - ULUSLARARASI STANDART KİTAP NUMARASI
Kullanılabilirlik koşulları 0,01
040 ## - KATALOGLAMA KAYNAĞI
Özgün Kataloglama Kurumu TR-BiSEU
Kataloglama Dili tur
Çeviri Kurumu TR-BiSEU
Açıklama Kuralları rda
041 0# - DİL KODU
Metin ya da ses kaydının dil kodu tur
044 ## - YAYINLAYAN/ÜRETEN KURULUŞUN ÜLKE KODU
ISO country code tu
050 ## - SINIFLAMA ve YER NUMARASI
Sınıflama Numarası DR576
Yer Numarası .S24 1988
100 1# - KİŞİ ADI
Yazar Adı (Kişi adı) Safa, Peyami.
245 1# - ESER ADI BİLDİRİMİ
Başlık Türk İnkılabına bakışlar/
Sorumluluk Bildirimi Peyami Safa ; Peyami Safa..
264 #1 - ÜRERİM, YAYIN, DAĞITIM ve TELİF BİLDİRİMİ
Yayın yeri Ankara :
Yayınlayan Kültür Bakanlığı
Yayın tarihi 1988
300 ## - FİZİKSEL TANIMLAMA
Sayfa, Cilt vb. 206 sayfa ;
Boyutları 23 cm.
336 ## - İÇERİK TÜRÜ
Content type term metin
Content type code txt
Source rdacontent
337 ## - MEDYA TÜRÜ
Media type term aracısız
Media type code n
Source rdamedia
338 ## - TAŞIYICI TÜRÜ
Carrier type term cilt
Carrier type code nc
Source rdacarrier
490 1# - DİZİ BİLDİRİMİ
Dizi Bildirimi Doğumunun 100.
490 1# - DİZİ BİLDİRİMİ
Dizi Bildirimi yılında Atatürk yayınları ;
Cilt Numarası 16.
490 1# - DİZİ BİLDİRİMİ
Dizi Bildirimi Kültür Bakanlığı yayınları ;
Cilt Numarası 407
505 ## - İÇİNDEKİLER NOTU
İçindekiler Notu Türk İnkılâbı'nın temellerini erken bir dönemde hiçbir tartışmaya mahal vermeyecek açıklıkla aşikâr kılan bir eserdir. "Türk İnkılâbına Bakışlar"ın iki özelliği vardır. Birincisi inkılâp öncesi fikir cereyanlarını en gerçek kaynaklarıyla ortaya koymaya çalışmış olmasıdır. Kitaptaki vesikalardan, Atatürk inkılâbının İkinci Meşrutiyette ortaya çıkan ve müdafaası yapılan Avrupalılaşma hareketinden aynen ilham aldığı görülür. Eserin ikinci özelliği, Türk İnkılâbının tarih felsefesi, medeniyetlerin mukayesesi, Şark (Doğu) ve Garp (Batı) mefhumlarının tahlili, İslâm Türk ve Batı düşünceleri arasındaki kaynakların müşterek oluşunu izah bakımından ilk deneme oluşudur.
650 #0 - KONU BAŞLIĞI EK GİRİŞ - KONU TERİMİ
Konusal terim veya coğrafi ad Turkey--History 20th century.
9 (RLIN) 12784
650 #0 - KONU BAŞLIĞI EK GİRİŞ - KONU TERİMİ
Konusal terim veya coğrafi ad Türkiye--Tarih 20. yy.
9 (RLIN) 12785
830 1# - SERİ EK GİRİŞİ - TEKBİÇİM ESER ADI
Tekbiçim Başlık Doğumunun 100.
9 (RLIN) 12782
830 1# - SERİ EK GİRİŞİ - TEKBİÇİM ESER ADI
Tekbiçim Başlık yılında Atatürk yayınları ;
Volume number/sequential designation 16.
9 (RLIN) 12783
830 1# - SERİ EK GİRİŞİ - TEKBİÇİM ESER ADI
Tekbiçim Başlık Kültür Bakanlığı yayınları ;
Volume number/sequential designation 407
9 (RLIN) 6658
907 ## - LOCAL DATA ELEMENT G, LDG (RLIN)
a Tarih
942 ## - EK GİRİŞ ÖGELERİ (KOHA)
Source of classification or shelving scheme Library of Congress Classification
Koha item type Book
Holdings
Materyal Türü Kalıcı Konum Mevcut Konum Raf Yeri Sınıflandırma Kaynağı Edinim Bilgisi Ana Konular Alt Konular Yer Numarası Demirbaş Numarası Fatura Tarihi Geri Çekilme Durumu Kayıp Durumu Hasarlı Durumu Kredi için değil Kayıt Tarih Toplam Ödünçverme Son Görülme Tarihi Son Kontrol Tarihi Genel / Bağış Notu
Book Prof. Dr. Azmi Özcan Kütüphanesi Prof. Dr. Azmi Özcan Kütüphanesi Uluğbey Salonu Library of Congress Classification Bağış DÜNYA TARİHİ (AVRUPA, ASYA, AFRİKA VB.) Balkan Yarımadası DR576 .S24 1988 0028638 02/02/2026         17/03/2011   05/12/2024 05/12/2024 YÖK Tez Merkezi